Las pinturas rupestres de Albarracín (Teruel) / (Record no. 120098)

MARC details
000 -LEADER
campo de control de longitud fija 00826nam a2200217 i 4500
001 - NÚMERO DE CONTROL
campo de control 120098
003 - IDENTIFICADOR DE NÚMERO DE CONTROL
campo de control ES-MaACL
005 - FECHA Y HORA DE LA ÚLTIMA TRANSACCIÓN
campo de control 20250811084918.0
007 - CAMPO FIJO DE DESCRIPCIÓN FÍSICA--INFORMACIÓN GENERAL
campo de control de longitud fija t|
008 - DATOS DE LONGITUD FIJA--INFORMACIÓN GENERAL
campo de control de longitud fija 070214s1982 sp f |||| | spa d
100 1# - ENTRADA PRINCIPAL--NOMBRE DE PERSONA
Nombre de persona Piñón Varela, Fernando.
9 (RLIN) 92296
245 14 - MENCIÓN DEL TÍTULO
Título Las pinturas rupestres de Albarracín (Teruel) /
Mención de responsabilidad, etc. por Fernando Piñón Varela ; fotografías, Pedro A. Saura y autor.
260 ## - PUBLICACIÓN, DISTRIBUCIÓN, ETC.
Lugar de publicación, distribución, etc. Santander :
Nombre del editor, distribuidor, etc. Ministerio de Cultura, Centro de Investigación y Museo de Altamira,
Fecha de publicación, distribución, etc. 1982.
300 ## - DESCRIPCIÓN FÍSICA
Extensión 243 p., 14 lám. ;
Dimensiones 31 cm.
490 1# - MENCIÓN DE SERIE
Mención de serie Monografías
700 1# - ENTRADA AGREGADA--NOMBRE PERSONAL
Nombre de persona Saura, Pedro A.
9 (RLIN) 103998
710 2# - ENTRADA AGREGADA--NOMBRE DE ENTIDAD CORPORATIVA
Nombre de entidad corporativa o nombre de jurisdicción como elemento de entrada Museo y Centro de Investigación de Altamira
9 (RLIN) 5930
830 00 - PUNTO DE ACCESO ADICIONAL DE SERIE-TÍTULO UNIFORME
Título uniforme Monografías (Centro de Estudios Benaventanos "Ledo del Pozo")
9 (RLIN) 177262
852 ## - LOCALIZACIÓN
Ubicación ES-MaACL
Número de control de estantería L-5317
Holdings
Estatus retirado Estado de pérdida Estado de daño No para préstamo Biblioteca de origen Biblioteca actual Ubicación en estantería Fecha de adquisición Fuente de adquisición Total de préstamos Signatura topográfica completa Código de barras Visto por última vez Precio de reemplazo Tipo de ítem Koha
        Biblioteca del Ateneo de Madrid Biblioteca del Ateneo de Madrid Depósito 2 17/01/2008     L-5317 1125183 23/02/2023 23/02/2023 Libro impreso